Intelligent buildings (Record no. 93336)
[ view plain ]
| 000 -LEADER | |
|---|---|
| fixed length control field | 02751cam a2200565 4500 |
| 008 - FIXED-LENGTH DATA ELEMENTS--GENERAL INFORMATION | |
| fixed length control field | 970304 1988 d 1 |
| 020 ## - INTERNATIONAL STANDARD BOOK NUMBER | |
| International Standard Book Number | 1850916837 |
| 035 ## - SYSTEM CONTROL NUMBER | |
| System control number | (Sirsi) u53783 |
| 041 0# - LANGUAGE CODE | |
| Language code of text/sound track or separate title | eng |
| 050 04 - LIBRARY OF CONGRESS CALL NUMBER | |
| Classification number | 696.9 $2 18 |
| 245 00 - TITLE STATEMENT | |
| Title | Intelligent buildings |
| Remainder of title | applications of IT and building automation to high technology construction projects |
| 260 ## - PUBLICATION, DISTRIBUTION, ETC. | |
| Place of publication, distribution, etc. | London |
| Name of publisher, distributor, etc. | Kogan Page |
| Date of publication, distribution, etc. | 1988 |
| 300 ## - PHYSICAL DESCRIPTION | |
| Extent | 267p. |
| Other physical details | ill. |
| Dimensions | 24cm. |
| 350 ## - PRICE (NR) (BK AM CF MU VM SE) [OBSOLETE] | |
| Price | 50 |
| 490 ## - SERIES STATEMENT | |
| Series statement | Kogan Page Unicom Applied Information Technology Reports |
| 505 2# - FORMATTED CONTENTS NOTE | |
| Formatted contents note | Progress towards intelligent buildings -- The need: intelligent building for building intelligence -- What building users want -- Intelligent buildings: their implications for design and construction -- Design for new technology -- Retaining flexibility for future occupancy changes -- Communication infrastructures -- Servicing the intelligent building -- The intelligent building in practice -- Sensing and control systems -- Fire an security protection -- Developments in workstation technology and the impact on building design -- Local area networks and office automation -- Telecommunications and value added services -- Planning and co-ordinating cabling requirements -- Building energy management systems: a practical approach to their development -- Using information feedback for energy management -- Applying expert systems to environmental management and control -- Life cycle information systems -- The role of energy simulation in the design and management of intelligent buildings -- The application of stochastic modelling to environmental control in buildings -- Implementing smart strategies for climate control systems -- Towards the integrated environment for intelligent buildings -- The shape of the future |
| 651 #4 - SUBJECT ADDED ENTRY--GEOGRAPHIC NAME | |
| Geographic name | International |
| 690 ## - LOCAL SUBJECT ADDED ENTRY--TOPICAL TERM (OCLC, RLIN) | |
| Topical term or geographic name as entry element | MANAGEMENT-BUSINESS MANAGEMENT-INFORMATION MANAGEMENT |
| 700 1# - ADDED ENTRY--PERSONAL NAME | |
| Personal name | Atkin, Brian L. |
| 700 1# - ADDED ENTRY--PERSONAL NAME | |
| Personal name | Mill, P. A. D. |
| 700 1# - ADDED ENTRY--PERSONAL NAME | |
| Personal name | Dublin, F. S. |
| 700 1# - ADDED ENTRY--PERSONAL NAME | |
| Personal name | Hartkopf, V. |
| 700 1# - ADDED ENTRY--PERSONAL NAME | |
| Personal name | Loftness, V. |
| 700 1# - ADDED ENTRY--PERSONAL NAME | |
| Personal name | Rubin, A. |
| 700 1# - ADDED ENTRY--PERSONAL NAME | |
| Personal name | Cornick, T. |
| 700 1# - ADDED ENTRY--PERSONAL NAME | |
| Personal name | Davids, M. |
| 700 1# - ADDED ENTRY--PERSONAL NAME | |
| Personal name | Worthington, J. |
| 700 1# - ADDED ENTRY--PERSONAL NAME | |
| Personal name | Lush, D. |
| 700 1# - ADDED ENTRY--PERSONAL NAME | |
| Personal name | Pengilly, R. |
| 700 1# - ADDED ENTRY--PERSONAL NAME | |
| Personal name | Brookfield, D. S. |
| 700 1# - ADDED ENTRY--PERSONAL NAME | |
| Personal name | Utton, D. |
| 700 1# - ADDED ENTRY--PERSONAL NAME | |
| Personal name | Walter, J. D. |
| 700 1# - ADDED ENTRY--PERSONAL NAME | |
| Personal name | Lane, J. |
| 700 1# - ADDED ENTRY--PERSONAL NAME | |
| Personal name | Palmer, I. |
| 700 1# - ADDED ENTRY--PERSONAL NAME | |
| Personal name | Noseworthy, W. |
| 700 1# - ADDED ENTRY--PERSONAL NAME | |
| Personal name | Stubbings, M. |
| 700 1# - ADDED ENTRY--PERSONAL NAME | |
| Personal name | Eastwell, A. S. |
| 700 1# - ADDED ENTRY--PERSONAL NAME | |
| Personal name | Hodkinson, S. L. |
| 700 1# - ADDED ENTRY--PERSONAL NAME | |
| Personal name | Oughton, D. R. |
| 700 1# - ADDED ENTRY--PERSONAL NAME | |
| Personal name | Shaw, M. R. |
| 700 1# - ADDED ENTRY--PERSONAL NAME | |
| Personal name | Turk, C. |
| 700 1# - ADDED ENTRY--PERSONAL NAME | |
| Personal name | Clarke, J. A. |
| 700 1# - ADDED ENTRY--PERSONAL NAME | |
| Personal name | Emslie, S. V. |
| 700 1# - ADDED ENTRY--PERSONAL NAME | |
| Personal name | Loveday, D. L. |
| 700 1# - ADDED ENTRY--PERSONAL NAME | |
| Personal name | Keyser, R. M. C. de |
| 700 1# - ADDED ENTRY--PERSONAL NAME | |
| Personal name | Powell, J. A. |
| 700 1# - ADDED ENTRY--PERSONAL NAME | |
| Personal name | Duffy, Frank |
| 942 ## - ADDED ENTRY ELEMENTS (KOHA) | |
| Suppress in OPAC | 0 |
| 948 ## - LOCAL PROCESSING INFORMATION (OCLC); SERIES PART DESIGNATOR (RLIN) | |
| c (OCLC) | 04/03/1997 |
| Withdrawn status | Lost status | Source of classification or shelving scheme | Damaged status | Not for loan | Home library | Current library | Shelving location | Date acquired | Cost, normal purchase price | Total Checkouts | Full call number | Barcode | Date last seen | Date last checked out | Copy number | Cost, replacement price | Price effective from | Koha item type |
|---|---|---|---|---|---|---|---|---|---|---|---|---|---|---|---|---|---|---|
| Dewey Decimal Classification | London | London | Basement | 14/09/1999 | 50.00 | 5 | SHELF 113 | 30023855 | 06/08/2019 | 03/04/2001 | 1 | 50.00 | 06/08/2019 | Book |